| 000 | 01146cam a22003254a 4500 | ||
|---|---|---|---|
| 001 | 13401226 | ||
| 003 | OSt | ||
| 005 | 20140310182106.0 | ||
| 008 | 031112s2005 nyua j b 001 0 eng | ||
| 010 | _a 2003024887 | ||
| 020 | _a1404201858 (library binding) | ||
| 040 |
_aDLC _cDLC _dDLC |
||
| 042 |
_apcc _alcac |
||
| 050 | 0 | 0 |
_aGV 1015.34 _b.G53 2005 |
| 082 | 0 | 0 |
_aHS 796.325 _bG36 2005 |
| 100 | 1 |
_aGiddens, Sandra. _913113 |
|
| 245 | 1 | 0 |
_aVolleyball : _brules, tips, strategy, and safety / _cSandra Giddens and Owen Giddens |
| 250 | _a1st ed. | ||
| 260 |
_aNew York : _bRosen Central, _cc2005. |
||
| 300 |
_a48 p. : _bill. (chiefly col.) ; _c26 cm. |
||
| 440 | 0 |
_aSports from coast to coast _913082 |
|
| 650 | 0 |
_aVolleyball _vJuvenile literature. _913114 |
|
| 650 | 1 |
_aVolleyball. _913115 |
|
| 700 | 1 |
_aGiddens, Owen. _913116 |
|
| 856 | 4 | 1 |
_3Table of contents _uhttp://www.loc.gov/catdir/toc/ecip0412/2003024887.html |
| 906 |
_a7 _bcbc _corignew _d1 _eecip _f20 _gy-gencatlg |
||
| 942 |
_2lcc _cHS |
||
| 999 |
_c9293 _d9293 |
||